00863nam a22002297a 450000500170000001000110001702000100002803500110003803700160004904000120006508200130007710000240009024502040011426000290031827000300034730000250037765000360040265000360043894200220047499900190049695201180051520170124110247.0 a244443 c00.00 a244443 bCen Lib/Ret aDPLbEN a503bFLD aFlood, W. E.997793 aScientific words : their structure and meaning :ban explanatory glossary of about 1,150 word-elements (roots, prefixes, suffixes) which enter into the formation of scientific terms /cby W. E. Flood aLondon bOldbournec1960 a121, Fleet StreetbLondon axix,220p. c18cm(Hb) aScience -- Terminology. 997794 aScience -- Dictionaries.997795 2ddccENh503mFLD c135603d135603 00104070aLbLd2015-10-07eCen Lib/Retg0.00l0o503 FLDp244443r2015-10-07 00:00:00t1v0.00w2015-10-07yEN